[Event "Da Qing U20 op-B"]
[Site "Da Qing"]
[Date "2019.01.24"]
[Round "9"]
[White "Tan, Yong Hau"]
[Black "Miao, Yuming"]
[Result "1-0"]
[WhiteElo "1741"]
[BlackElo "1517"]
[PlyCount "85"]
[EventDate "2019.01.20"]
[EventType "swiss"]
[EventRounds "9"]
[EventCountry "CHN"]
[SourceTitle "CBM 188 Extra"]
[Source "ChessBase"]
[SourceDate "2019.02.26"]
[SourceVersion "1"]
[SourceVersionDate "2019.02.26"]
[SourceQuality "1"]

1. d4 d5 2. c4 e6 3. Nc3 Nf6 4. Bg5 Be7 5. Nf3 0-0 6. e3 b6 7. Bd3 Bb7 8. 0-0 Nbd7 9. Rc1 c5 10. Qe2 Rc8 11. cxd5 Nxd5 12. Bxe7 Qxe7 13. Rfd1 Rfd8 14. Nxd5 Bxd5 15. a3 Bxf3 16. Qxf3 Nf6 17. Ba6 Rc7 18. dxc5 bxc5 19. Rxd8+ Qxd8 20. b4 Nd7 21. Bb5 cxb4 22. Rd1 b3 23. Bxd7 b2 24. Bc6 Qc8 25. Be4 Rc1 26. g4 Rxd1+ 27. Qxd1 Qc1 28. Qf1 g6 29. Bb1 Qc3 30. Qd3 Qe1+ 31. Kg2 Qc1 32. Qc2 Kg7 33. Kf3 f5 34. gxf5 gxf5 35. Ke2 Kf6 36. Kf3 Ke5 37. Qd3 Qc6+ 38. Ke2 Qc5 39. f4+ Kf6 40. Qd4+ Qxd4 41. exd4 Ke7 42. Kd3 Kd6 43. Ba2 1-0

[Event "Penang op 10th"]
[Site "Penang"]
[Date "2018.12.03"]
[Round "1"]
[White "Tan, Yong Hau"]
[Black "Sun, Chao"]
[Result "1-0"]
[WhiteElo "1691"]
[BlackElo "2110"]
[PlyCount "96"]
[EventDate "2018.12.03"]
[EventType "swiss"]
[EventRounds "9"]
[EventCountry "MAS"]
[SourceTitle "CBM 187 Extra"]
[Source "ChessBase"]
[SourceDate "2018.11.04"]
[SourceVersion "1"]
[SourceVersionDate "2018.11.04"]
[SourceQuality "1"]

1. d4 e6 2. c4 Nf6 3. Nc3 d5 4. Nf3 Bb4 5. Bg5 h6 6. Bh4 g5 7. Bg3 Ne4 8. Qb3 Nc6 9. e3 h5 10. cxd5 exd5 11. h3 Qe7 12. Bh2 g4 13. hxg4 hxg4 14. Bd6 Bxc3+ 15. bxc3 Qf6 16. Be5 Rxh1 17. Bxf6 gxf3 18. Qxd5 Nxf6 19. Qxf3 Rh6 20. 0-0-0 Bg4 21. Qf4 Rg6 22. f3 Nd5 23. Qe4+ Be6 24. Kb2 0-0-0 25. c4 f5 26. Qd3 Nb6 27. d5 Ne7 28. Qa3 Nc6 29. dxc6 Rxd1 30. Qf8+ Rd8 31. cxb7+ Kxb7 32. Qxd8 Bxc4 33. Qd1 Rd6 34. Qe1 Re6 35. e4 fxe4 36. fxe4 Kc8 37. Bxc4 Nxc4+ 38. Kb3 Rxe4 39. Qc3 Nd6 40. Qf3 a5 41. a3 a4+ 42. Ka2 Kd7 43. g4 Re5 44. Qd1 Re4 45. g5 Ke7 46. Qf3 c5 47. g6 Re6 48. g7 Rg6 1-0

[Event "Shah Alam Challenger"]
[Site "Shah Alam"]
[Date "2016.01.31"]
[Round "9"]
[White "Abd Rahim Yeo, Ahmad Justin"]
[Black "Tan, Yong Hau"]
[Result "1-0"]
[WhiteElo "1583"]
[BlackElo "1442"]
[PlyCount "81"]
[EventDate "2016.01.23"]
[EventType "swiss"]
[EventRounds "9"]
[EventCountry "MAS"]
[SourceTitle "EXT 2017"]
[Source "ChessBase"]
[SourceDate "2016.10.25"]
[SourceVersion "1"]
[SourceVersionDate "2016.10.25"]
[SourceQuality "1"]

1. e4 e6 2. d4 d5 3. Nc3 Bb4 4. e5 c5 5. a3 Bxc3+ 6. bxc3 Qa5 7. Bd2 Nc6 8. Qg4 g6 9. Nf3 h5 10. Qf4 c4 11. Be2 Nce7 12. 0-0 Nf5 13. Nh4 Ngh6 14. Qg5 Rh7 15. Nf3 Bd7 16. h3 Qd8 17. Rfb1 b6 18. g4 hxg4 19. hxg4 Ng7 20. Qxd8+ Kxd8 21. Bg5+ Kc7 22. Bf6 Ne8 23. Ng5 Nxf6 24. exf6 Rhh8 25. Kg2 Ba4 26. Rh1 Bxc2 27. Rh3 Bd3 28. Bf3 Nxg4 29. Bxg4 Rxh3 30. Bxh3 Bf5 31. Rh1 Kd7 32. Nxf7 Rf8 33. Ne5+ Kd6 34. f7 Be4+ 35. f3 Bc2 36. Bg4 g5 37. Rh6 Kc7 38. Rxe6 Ba4 39. Rg6 a6 40. Rg8 Rxg8 41. fxg8Q 1-0